Property Professional (Record no. 119410)

MARC details
000 -LEADER
fixed length control field 00660cas a22002175a 4500
001 - CONTROL NUMBER
control field L158809
008 - FIXED-LENGTH DATA ELEMENTS--GENERAL INFORMATION
fixed length control field 070702c2014 xxkbr p 0 a0eng
022 1# - INTERNATIONAL STANDARD SERIAL NUMBER
International Standard Serial Number 2053-7573
035 ## - SYSTEM CONTROL NUMBER
System control number (Sirsi) u158809
041 0# - LANGUAGE CODE
Language code of text/sound track or separate title eng
110 2# - MAIN ENTRY--CORPORATE NAME
Corporate name or jurisdiction name as entry element National Federation of Property Professionals
240 00 - UNIFORM TITLE
Uniform title [PP]
245 04 - TITLE STATEMENT
Title Property Professional
260 ## - PUBLICATION, DISTRIBUTION, ETC.
Place of publication, distribution, etc. Warwick
Name of publisher, distributor, etc. National Federation of Property Professionals
Date of publication, distribution, etc. 2014-
362 ## - DATES OF PUBLICATION AND/OR SEQUENTIAL DESIGNATION
Dates of publication and/or sequential designation 2014-
500 ## - GENERAL NOTE
General note The voice of the letting professional in South Africa
651 #4 - SUBJECT ADDED ENTRY--GEOGRAPHIC NAME
Geographic name United Kingdom
690 ## - LOCAL SUBJECT ADDED ENTRY--TOPICAL TERM (OCLC, RLIN)
Topical term or geographic name as entry element PROPERTY-RESIDENTIAL PROPERTY-RESIDENTIAL PROPERTY AGENCY
780 00 - PRECEDING ENTRY
Title The Estate Agent
942 ## - ADDED ENTRY ELEMENTS (KOHA)
Suppress in OPAC 0
Source of classification or shelving scheme Dewey Decimal Classification
Holdings
Withdrawn status Lost status Source of classification or shelving scheme Damaged status Not for loan Home library Current library Shelving location Date acquired Total Checkouts Full call number Barcode Date last seen Price effective from Koha item type
    Other/Generic Classification Scheme     Virtual Virtual Online 27/07/2015   PROPERTY PROFESSIONAL 158809-1001 06/08/2019 06/08/2019 Journal